Music Quiz

Random Music or Bands Quiz

The Beatles: Sgt. Pepper's Lonely Clips Quiz Stats

 Plays Quiz Updated Aug 24, 2019

Score 0/13 Timer 04:00
2 Plays Today
% Correct
 Clip 01 (0:00) 
94.5%
 Clip 10 (1:12) 
89.6%
 Clip 08 (0:56) 
89.6%
 Clip 04 (0:24) 
89.1%
 Clip 12 (1:28) 
85.8%
 Clip 02 (0:08) 
84.8%
 Clip 05 (0:32) 
84.2%
 Clip 13 (1:36) 
83.6%
 Clip 09 (1:04) 
80.9%
 Clip 07 (0:48) 
77.6%
 Clip 11 (1:20) 
73.6%
 Clip 03 (0:16) 
73.1%
 Clip 06 (0:40) 
65.7%

You're not logged in!

Compare scores with friends on all Sporcle quizzes.
OR
Log In

Sporcle TV

Today on Sporcle TV


Watch our educational content, quiz creation guides, and fun videos on Sporcle TV.

Show Comments

Extras

Top Quizzes Today


Score Distribution

Your Account Isn't Verified!

In order to create a playlist on Sporcle, you need to verify the email address you used during registration. Go to your Sporcle Settings to finish the process.

Report this User

Report this user for behavior that violates our Community Guidelines.

Details: